Countries with the most Evangelical Christians - Statistics

General Stats
  • This quiz has been taken 299 times
    202 since last reset
  • The average score is 17 of 24
Answer Stats
Number of Evangelicals % Evangelical Country % Correct
87,764,688 26.4% United States
98%
107,802,808 7.6% China
91%
5,167,468 7.6% United Kingdom
89%
53,218,521 24.9% Brazil
88%
6,930,265 0.5% India
85%
13,668,060 10.5% Mexico
85%
54,515,142 25.8% Nigeria
80%
12,580,470 21% South Africa
80%
5,048,391 11.1% Argentina
78%
5,474,013 10.7% Colombia
77%
8,833,600 3.2% Indonesia
69%
4,793,616 14.4% Peru
69%
8,401,392 16.4% South Korea
69%
27,252,224 49.6% Kenya
67%
6,750,260 11% Tanzania
66%
21,162,960 18% Ethiopia
65%
7,808,955 22.1% Angola
62%
15,413,293 13.9% Philippines
62%
17,706,816 19.2% Democratic Republic of Congo
60%
15,565,937 33.1% Uganda
60%
8,194,501 25.9% Ghana
59%
4,544,000 25% Guatemala
48%
4,696,638 24.9% Zambia
47%
4,583,876 4.4% Egypt
38%
No matching quizzes found
Score Distribution
Percent of People with Each Score
Percentile by Number Answered
Your Score History
You have not taken this quiz since the last reset